Empleo, crecimiento y equidad: los retos de las reformas económicas de finales del siglo XX en Costa Rica. II parte: Crecimiento y productividad /
Guardado en:
| Autor principal: | |
|---|---|
| Formato: | Desconocido |
| Publicado: |
San José:
Editorial de la Universidad de Costa Rica
|
| Materias: | |
| Etiquetas: |
Agregar Etiqueta
Sin Etiquetas, Sea el primero en etiquetar este registro!
|
MARC
| LEADER | 00000 a2200000 04500 | ||
|---|---|---|---|
| 001 | 18795 | ||
| 003 | |||
| 008 | 991231s d | ||
| 040 | |a CRAI/IIS |c CRAI/IIS | ||
| 090 | |a 144405 | ||
| 100 | |a Ulate Quirós, Anabelle | ||
| 245 | |a Empleo, crecimiento y equidad: los retos de las reformas económicas de finales del siglo XX en Costa Rica. II parte: Crecimiento y productividad / |c Anabelle Ulate Quirós | ||
| 260 | |a San José: |b Editorial de la Universidad de Costa Rica | ||
| 300 | |a 559 p. | ||
| 650 | |a CRECIMIENTO ECONOMICO | ||
| 650 | |a TRABAJO | ||
| 650 | |a EMPLEO | ||
| 650 | |a PRODUCTIVIDAD DEL TRABAJO | ||
| 650 | |a PRODUCCION | ||
| 999 | |c 17094 |d 17094 | ||
